000 00919nam a2200253Ia 4500
003 OSt
005 20221005104438.0
006 a|||||r|||| 00| 0
007 ta
008 221004b |||||||| |||| 00| 0 san d
024 _a32797
037 _cTextual
040 _aCRL
_cCRL
_bsan
041 _2san
_asan
082 _aO15,3D60:g, M0; .1-.3
100 _aशास्त्री, भीमसेन
245 0 _aलघु-सिद्धान्त-कौमुदी भैमीव्याख्या
246 _aLaghu-siddhānta-kaumudī bhaimīvyākhyā
260 _aदिल्ली
_bभैमी प्रकाशन भारत
_c1980
490 _vप्रथम भाग
650 _aसंस्कृत साहित्य
942 _hO15,3D60:g, M0; .1-.3
_cTEXL
_2cc
999 _c1012737
_d1012737